Library information technology tools of tomorrow / (Record no. 134549)

MARC details
000 -LEADER
fixed length control field 00705nam a22002417a 4500
005 - DATE AND TIME OF LATEST TRANSACTION
control field 20170124110228.0
010 ## - LIBRARY OF CONGRESS CONTROL NUMBER
LC control number B-019712
020 ## - INTERNATIONAL STANDARD BOOK NUMBER
Terms of availability 00.00
International Standard Book Number 8187317310
035 ## - SYSTEM CONTROL NUMBER
System control number B-019712
037 ## - SOURCE OF ACQUISITION
Source of stock number/acquisition Cen Lib/Ret
040 ## - CATALOGING SOURCE
Original cataloging agency DPL
Language of cataloging EN
082 ## - DEWEY DECIMAL CLASSIFICATION NUMBER
Classification number 025.4
Item number IYE
100 ## - MAIN ENTRY--PERSONAL NAME
Personal name Iyer, V.K.
9 (RLIN) 41052
245 ## - TITLE STATEMENT
Title Library information technology tools of tomorrow /
Statement of responsibility, etc by V.K. Iyer
246 ## - VARYING FORM OF TITLE
Remainder of title
260 ## - PUBLICATION, DISTRIBUTION, ETC. (IMPRINT)
Name of publisher, distributor, etc Rajat Publications
Place of publication, distribution, etc New Delhi
Date of publication, distribution, etc 1999
270 ## - ADDRESS
City New Delhi
Address 4/32, geeta colony
Postal code 110031
300 ## - PHYSICAL DESCRIPTION
Extent vi, 358p.
Dimensions 21cm(Hb)
500 ## - GENERAL NOTE
General note Includes index
650 ## - SUBJECT ADDED ENTRY--TOPICAL TERM
Topical term or geographic name as entry element Library science
9 (RLIN) 41053
650 ## - SUBJECT ADDED ENTRY--TOPICAL TERM
Topical term or geographic name as entry element Information technology
9 (RLIN) 41054
942 ## - ADDED ENTRY ELEMENTS (KOHA)
Source of classification or shelving scheme Dewey Decimal Classification
Koha item type English Books
Classification part 025.4
Call number suffix IYE
Holdings
Withdrawn status Lost status Damaged status Not for loan Collection code Home library Current library Date acquired Source of acquisition Cost, normal purchase price Total Checkouts Full call number Barcode Date last seen Copy number Cost, replacement price Price effective from Koha item type Source of classification or shelving scheme
      Not For Loan Reference Central Library Central Library 30/07/2015 Cen Lib/Ret 0.00   025.4 IYE B-019712 30/07/2015 1 0.00 30/07/2015 English Books  
      Not For Loan Reference Central Library Central Library 01/12/2016 Cen Lib/Ret 0.00   025.4 IYE B-019711 01/12/2016 2 0.00 01/12/2016 English Books Dewey Decimal Classification

© Delhi Public Library
Hit Counter
free hit counter